Представление документа в формате RUSMARC

ПолеНазваниеЗначение
  Тип записи a
  Библиографический уровень m
001 Контрольный номер RU/IS/BASE/328805589
005 Дата корректировки 20201206204555.2
010 Индекс ISBN __
d Цена 283-00
101 Язык документа 0_
a Язык текста rus
c Язык оригинала rus
200 Заглавие и сведения об ответственности 1_
a Заглавие Россия. Санкт-Петербург, Ленинградская область
e Сведения, относящиеся к заглавию история. Описание. Библиография
f Первые сведения об ответственности А. Д. Гдалин ; [науч. ред. С. А. Фомичев ; рецензент Е. Я. Кальницкая]
b Общее обозначение материала Текст
210 Выходные данные __
a Место издания СПб.
c Издательство Акад. проект
d Дата издания 2001
215 Физическое описание __
a Объем 509, [1] с.
300 Общие примечания __
a Общие примечания Дар
a Общие примечания Кн. с автогр. от авт. и сост.
320 Библиография __
a Библиография Указ.: с. 470-502
330 Аннотация __
a Аннотация Собрана информация о различных памятниках, хранящих образ и имя А. С. Пушкина, установленных на территории Санкт-Петербурга и Ленинградской области, по каждому из них дается краткая аннотация и библиографическое описание.
461 Уровень набора __
1 2001
a Памятники А. С. Пушкину
v Т. 1
600 Персоналии __
a Персоналии (Фамилия) Пушкин, А. С.
f Даты 1799-1837
g Полное имя Александр Сергеевич
605 Заглавие как предмет __
a Заглавие Памятник А. С. Пушкину в Санкт-Петербурге
606 Тематические рубрики __
a Основная рубрика Изобразительное искусство и архитектура
606 Тематические рубрики __
a Основная рубрика Виды скульптуры
y Географическая подрубрика Россия
y Географическая подрубрика Санкт-Петербург
610 Ключевые слова __
a Ключевые слова персоналии; поэты; памятники; описание памятников; библиографическое описание; библиографические данные; история памятников; классификация памятников; каталогизация памятников; проекты памятников; скульптурные памятники; статуи; бюсты; скульпторы
686 Индексы других классификаций __
a Классификационный индекс 85.136.1(2)
686 Индексы других классификаций __
a Классификационный индекс 83.3(2=411.2)52-8
700 Автор _1
a Фамилия Гдалин
b Имя А. Д.
4 Код отношения 070
702 Вторичная интеллектуальная ответственность _1
a Фамилия Фомичев
b Имя С. А.
4 Код отношения Научный редактор
4 Код отношения 651
702 Вторичная интеллектуальная ответственность _1
a Фамилия Кальницкая
b Имя Е. Я.
4 Код отношения Рецензент
4 Код отношения 675
702 Вторичная интеллектуальная ответственность _1
a Фамилия Гдалин
b Имя А. Д.
4 Код отношения Автор дарственной надписи
801 Источник записи _0
a Страна RU
b Организация Муниципальное бюджетное учреждение культуры "Централизованная библиотечная система" г. Сургут (Центральная городская библиотека им. А. С. Пушкина)
g Правила каталогизации КиК/Поспелова
801 Источник записи _1
a Страна RU
b Организация Муниципальное бюджетное учреждение культуры "Централизованная библиотечная система" г. Сургут (Центральная городская библиотека им. А. С. Пушкина)
g Правила каталогизации КиК/Поспелова
852 Данные о местонахождении __
j Шифр хранения 85.136.1(2)
c Каталожный индекс 85.133(2); 83.3(2Рос=Рус)1-8
i Авторский знак Г 26
901 Тип документа __
t Тип документа m
903 Характеристики (МАРС) __
a Дата передачи 20080422
990 Данные о заказе (DOS) __
j Количество экземпляров (DOS) 1
t N записи в КСУ для И/У (DOS) 200805